| 000 | 00662nam a2200253Ia 4500 | ||
|---|---|---|---|
| 003 | OSt | ||
| 005 | 20221007110232.0 | ||
| 006 | a|||||r|||| 00| 0 | ||
| 007 | ta | ||
| 008 | 221006b |||||||| |||| 00| 0 eng d | ||
| 024 | _a20,662 | ||
| 037 | _cTextual | ||
| 040 |
_aLCO _cLCO _beng |
||
| 041 |
_2eng _aeng |
||
| 082 | _aZ1,218, L8 | ||
| 100 |
_aMatte N.M _9707268 |
||
| 245 | 0 | _aAnnals of Air and Space Law | |
| 260 |
_aToronto _bCarswell Company Limited Canada _c1978 |
||
| 300 | _a661 | ||
| 490 | _vVol.33 | ||
| 650 |
_aAIR AND SPACE LAW _9707269 |
||
| 942 |
_hZ1,218, L8 _cTEXL |
||
| 999 |
_c1190225 _d1190225 |
||